{"text_format":"1","workbook":"xlsx","n_sheets":5,"sheets":["O","Copie SAI","SAI","CTS","Problème"],"not_rendered":{"charts":0,"images":1,"macros":1,"external_links":1,"defined_names":5,"comments":3,"pivot_tables":0},"unopened":[],"bounds":{"document_bytes":16777216,"sheet_cells":100000,"rows_first":2000,"rows_last":500,"rows_between":2000,"halvings":0,"cell_chars":16384,"cell_head_chars":4096},"cells_cut":0,"cells_raw":0,"read":"whole","date_system":"1900"}

{"sheet":"O","index":0,"n_rows":10,"n_cols":3,"rows_kept":10,"cut":false,"hidden":false,"merged":[]}
["O"]
[]
[]
[null,"SAI'","Copie SAISIE"]
[]
[null,"SAI","SAISIE"]
[]
[null,"CTS","RECAP. SAISIE"]
[]
[null,"PRB","PROBLEME"]

{"sheet":"Copie SAI","index":1,"n_rows":48,"n_cols":26,"rows_kept":48,"cut":false,"hidden":false,"merged":[[2,5,2,7],[4,8,4,9],[4,16,4,17],[5,8,5,9],[6,8,6,9],[6,16,6,17],[12,16,12,17],[13,8,13,9],[14,8,14,9],[14,16,14,17],[7,8,7,9],[8,8,8,9],[8,16,8,17],[9,8,9,9],[10,8,10,9],[10,16,10,17],[15,8,15,9],[16,8,16,9],[17,8,17,9],[18,8,18,9],[11,8,11,9],[12,8,12,9]]}
["<","SAISIE",null,"VALIDER"]
[]
["Mois",{"$f":"IF(D3<>\"\",MONTH(D3),B2)","v":4},"Date","2019-04-23","Client","AZERTY",null,null,2,{"$f":"IF(I3=1,\"Tarif COMPTOIR\",IF(OR(I3=2),\"Tarif CONVENTION\",IF(OR(I3=3),\"Tarif SPECIAL\",\"\")))","v":"Tarif CONVENTION"}]
[null,null,null,null,null,null,null,null,null,null,null,"Quant. ","P.U. TTC","Mont. TTC"]
[null,null,"N° Fiche","03-002",null,"PP",null,null,"Traçage sur papier",null,null,12,2.7,{"$f":"IFERROR(L5*M5,\"\")","v":32.400000000000006},null,"TOTAL",{"$f":"Q22","v":270},null,"HT"]
[null,null,null,null,null,"PC",null,null,"Traçage sur calque",null,null,18,4.4000000000000004,{"$f":"IFERROR(L6*M6,\"\")","v":79.2}]
[null,null,null,null,null,"I3",null,null,"Impression A3",null,null,24,1,24,null,"TOTAL",{"$f":"SUM(N5:N19)","v":279.60000000000002},null,"TTC"]
[null,null,null,null,null,"N4",null,null,"Numérisation A4",null,null,36,0.5,18]
[null,null,null,null,null,"C8",null,null,"Copie A4 RV",null,null,54,1,54,null,"REMISE",{"$f":"+Q7-Q11","v":9.6000000000000227},null,null,{"$f":"Q9/Q7","v":3.433476394849793E-2}]
[null,null,null,null,null,"TP",null,null,"Tirage papier",null,null,18,2,36]
[null,null,null,null,null,"C4",null,null,"Copie A4 R",null,null,72,0.5,36,null,"A PAYER",270,null,null,"P",{"$f":"IF(T11=\"P\",\"Payé\",IF(T11=\"C\",\"Crédit\",\"Instance\"))","v":"Payé"}]
[null,null,null,null,null,null,null,null,null,null,null,null,{"$f":"IF(ISERROR(VLOOKUP($F12,#REF!,8+OFFSET($Z:$Z,MATCH($Z30,$Z:$Z,0)-2,8,1,1),FALSE)),\"\",(VLOOKUP($F12,#REF!,8+OFFSET($Z:$Z,MATCH($Z30,$Z:$Z,0)-2,8,1,1),FALSE)))","v":""},""]
[null,null,null,null,null,null,null,null,null,null,null,null,{"$f":"IF(ISERROR(VLOOKUP($F13,#REF!,8+OFFSET($Z:$Z,MATCH($Z31,$Z:$Z,0)-2,8,1,1),FALSE)),\"\",(VLOOKUP($F13,#REF!,8+OFFSET($Z:$Z,MATCH($Z31,$Z:$Z,0)-2,8,1,1),FALSE)))","v":""},"",null,"RECU",300]
[null,null,null,null,null,null,null,null,null,null,null,null,{"$f":"IF(ISERROR(VLOOKUP($F14,#REF!,8+OFFSET($Z:$Z,MATCH($Z32,$Z:$Z,0)-2,8,1,1),FALSE)),\"\",(VLOOKUP($F14,#REF!,8+OFFSET($Z:$Z,MATCH($Z32,$Z:$Z,0)-2,8,1,1),FALSE)))","v":""},""]
[null,null,null,null,null,null,null,null,null,null,null,null,{"$f":"IF(ISERROR(VLOOKUP($F15,#REF!,8+OFFSET($Z:$Z,MATCH($Z33,$Z:$Z,0)-2,8,1,1),FALSE)),\"\",(VLOOKUP($F15,#REF!,8+OFFSET($Z:$Z,MATCH($Z33,$Z:$Z,0)-2,8,1,1),FALSE)))","v":""},"",null,"REDUE MONNAIE",{"$f":"Q13-Q11","v":30}]
[null,null,null,null,null,null,null,null,null,null,null,null,{"$f":"IF(ISERROR(VLOOKUP($F16,#REF!,8+OFFSET($Z:$Z,MATCH($Z34,$Z:$Z,0)-2,8,1,1),FALSE)),\"\",(VLOOKUP($F16,#REF!,8+OFFSET($Z:$Z,MATCH($Z34,$Z:$Z,0)-2,8,1,1),FALSE)))","v":""},""]
[null,null,null,null,null,null,null,null,null,null,null,null,{"$f":"IF(ISERROR(VLOOKUP($F17,#REF!,8+OFFSET($Z:$Z,MATCH($Z35,$Z:$Z,0)-2,8,1,1),FALSE)),\"\",(VLOOKUP($F17,#REF!,8+OFFSET($Z:$Z,MATCH($Z35,$Z:$Z,0)-2,8,1,1),FALSE)))","v":""},""]
[null,null,null,null,null,null,null,null,null,null,null,null,{"$f":"IF(ISERROR(VLOOKUP($F18,#REF!,8+OFFSET($Z:$Z,MATCH($Z36,$Z:$Z,0)-2,8,1,1),FALSE)),\"\",(VLOOKUP($F18,#REF!,8+OFFSET($Z:$Z,MATCH($Z36,$Z:$Z,0)-2,8,1,1),FALSE)))","v":""},""]
[null,null,null,null,null,null,null,null,null,null,null,null,{"$f":"IF(ISERROR(VLOOKUP($F19,#REF!,8+OFFSET($Z:$Z,MATCH($Z37,$Z:$Z,0)-2,8,1,1),FALSE)),\"\",(VLOOKUP($F19,#REF!,8+OFFSET($Z:$Z,MATCH($Z37,$Z:$Z,0)-2,8,1,1),FALSE)))","v":""},""]
[]
["N° Ordre","Mois","Date","Report  Fiche","N° Fiche","Client","Réf. Art.","N° Art.","Code Article","Désignation Article","Unité","Quantité","Tarif Unité HT","Montant HT  Brut","Remise %","Remise Montant","Montant HT Net","Taux TVA","Montant TVA ","Montant TTC","Timbre ","Montant TTC+Timbre","Total Net recherché","Montant HT ","Remise TTC","Indice"]
["P",{"$f":"B3","v":4},{"$f":"D3","v":"2019-04-23"},null,{"$f":"D5","v":"03-002"},{"$f":"+F3","v":"AZERTY"},null,null,{"$f":"I3","v":2},{"$f":"J3","v":"Tarif CONVENTION"},null,{"$f":"L4","v":"Quant. "},null,{"$f":"SUM(N23:N48)","v":279.60000000000002},{"$f":"T9","v":3.433476394849793E-2},{"$f":"N22*O22","v":9.6000000000000227},{"$f":"IF($N22=\"\",\"\",$N22-$P22)","v":270},0.19,{"$f":"IFERROR(Q22*R22,\"\")","v":51.3},{"$f":"IFERROR(Q22+S22,\"\")","v":321.3},null,{"$f":"IFERROR(T22+U22,\"\")","v":321.3},{"$f":"Q11","v":270},{"$f":"SAI_2[[#This Row],[Montant HT Net]]","v":270},{"$f":"Q9","v":9.6000000000000227}]
[null,{"$f":"B22","v":4},null,null,null,null,null,1,{"$f":"F5","v":"PP"},{"$f":"I5","v":"Traçage sur papier"},"ML",12,{"$f":"+M5","v":2.7},{"$f":"IFERROR(L23*M23,\"\")","v":32.400000000000006},{"$f":"IF(E23<>\"\",\"\",IF(O22=\"\",O22,O22))","v":3.433476394849793E-2}]
[null,{"$f":"B23","v":4},null,null,null,null,null,{"$f":"H23+1","v":2},"PC",{"$f":"I6","v":"Traçage sur calque"},"ML",18,{"$f":"+M6","v":4.4000000000000004},{"$f":"IFERROR(L24*M24,\"\")","v":79.2},{"$f":"IF(E24<>\"\",\"\",IF(O23=\"\",O23,O23))","v":3.433476394849793E-2}]
[null,4,null,null,null,null,null,{"$f":"H24+1","v":3},"I3","Impression A3","U",24,1,24,{"$f":"IF(E25<>\"\",\"\",IF(O24=\"\",O24,O24))","v":3.433476394849793E-2}]
[null,4,null,null,null,null,null,4,"N4","Numérisation A4","U",36,0.5,18,{"$f":"IF(E26<>\"\",\"\",IF(O25=\"\",O25,O25))","v":3.433476394849793E-2}]
[null,4,null,null,null,null,null,5,"C8","Copie A4 RV","U",54,1,54,3.433476394849793E-2]
[null,4,null,null,null,null,null,6,"TP","Tirage papier","ML",18,2,36]
[null,4,null,null,null,null,null,7,"C4","Copie A4 R","U",72,0.5,36]
[]
[null,null,null,null,null,null,null,null,null,null,null,null,null,null,null,null,""]
[null,null,null,null,null,null,null,null,null,null,null,null,null,null,null,null,""]
[null,null,null,null,null,null,null,null,null,null,null,null,null,null,null,null,""]
[null,null,null,null,null,null,null,null,null,null,null,null,null,null,null,null,""]
[null,null,null,null,null,null,null,null,null,null,null,null,null,null,null,null,""]
[null,null,null,null,null,null,null,null,null,null,null,null,null,null,null,null,""]
[null,null,null,null,null,null,null,null,null,null,null,null,null,null,null,null,""]
[null,null,null,null,null,null,null,null,null,null,null,null,null,null,null,null,""]
[null,null,null,null,null,null,null,null,null,null,null,null,null,null,null,null,""]
[null,null,null,null,null,null,null,null,null,null,null,null,null,null,null,null,""]
[null,null,null,null,null,null,null,null,null,null,null,null,null,null,null,null,""]
[null,null,null,null,null,null,null,null,null,null,null,null,null,null,null,null,""]
[null,null,null,null,null,null,null,null,null,null,null,null,null,null,null,null,""]
[null,null,null,null,null,null,null,null,null,null,null,null,null,null,null,null,""]
[null,null,null,null,null,null,null,null,null,null,null,null,null,null,null,null,""]
[null,null,null,null,null,null,null,null,null,null,null,null,null,null,null,null,""]
[null,null,null,null,null,null,null,null,null,null,null,null,null,null,null,null,""]
[null,null,null,null,null,null,null,null,null,null,null,null,null,null,null,null,"",null,null,null,null,null,""]

{"sheet":"SAI","index":2,"n_rows":48,"n_cols":26,"rows_kept":48,"cut":false,"hidden":false,"merged":[[12,16,12,17],[15,8,15,9],[16,8,16,9],[8,16,8,17],[10,16,10,17],[14,16,14,17],[2,5,2,7],[17,8,17,9],[18,8,18,9],[6,16,6,17],[4,8,4,9],[5,8,5,9],[6,8,6,9],[7,8,7,9],[8,8,8,9],[9,8,9,9],[10,8,10,9],[11,8,11,9],[12,8,12,9],[13,8,13,9],[14,8,14,9],[4,16,4,17]]}
["<","SAISIE",null,"VALIDER"]
[]
["Mois",{"$f":"IF(D3<>\"\",MONTH(D3),B2)","v":4},"Date","2019-04-23","Client","AZERTY",null,null,2,{"$f":"IF(I3=1,\"Tarif COMPTOIR\",IF(OR(I3=2),\"Tarif CONVENTION\",IF(OR(I3=3),\"Tarif SPECIAL\",\"\")))","v":"Tarif CONVENTION"}]
[null,null,null,null,null,null,null,null,null,null,null,"Quant. ","P.U. TTC","Mont. TTC"]
[null,null,"N° Fiche","03-002",null,"PP",null,null,"Traçage sur papier",null,null,12,2.7,{"$f":"IFERROR(L5*M5,\"\")","v":32.400000000000006},null,"TOTAL",{"$f":"Q22","v":270},null,"HT"]
[null,null,null,null,null,"PC",null,null,"Traçage sur calque",null,null,18,4.4000000000000004,{"$f":"IFERROR(L6*M6,\"\")","v":79.2}]
[null,null,null,null,null,"I3",null,null,"Impression A3",null,null,24,1,24,null,"TOTAL",{"$f":"SUM(N5:N19)","v":279.60000000000002},null,"TTC"]
[null,null,null,null,null,"N4",null,null,"Numérisation A4",null,null,36,0.5,18]
[null,null,null,null,null,"C8",null,null,"Copie A4 RV",null,null,54,1,54,null,"REMISE",{"$f":"+Q7-Q11","v":9.6000000000000227},null,null,{"$f":"Q9/Q7","v":3.433476394849793E-2}]
[null,null,null,null,null,"TP",null,null,"Tirage papier",null,null,18,2,36]
[null,null,null,null,null,"C4",null,null,"Copie A4 R",null,null,72,0.5,36,null,"A PAYER",270,null,null,"P",{"$f":"IF(T11=\"P\",\"Payé\",IF(T11=\"C\",\"Crédit\",\"Instance\"))","v":"Payé"}]
[null,null,null,null,null,null,null,null,null,null,null,null,{"$f":"IF(ISERROR(VLOOKUP($F12,#REF!,8+OFFSET($Z:$Z,MATCH($Z30,$Z:$Z,0)-2,8,1,1),FALSE)),\"\",(VLOOKUP($F12,#REF!,8+OFFSET($Z:$Z,MATCH($Z30,$Z:$Z,0)-2,8,1,1),FALSE)))","v":""},""]
[null,null,null,null,null,null,null,null,null,null,null,null,{"$f":"IF(ISERROR(VLOOKUP($F13,#REF!,8+OFFSET($Z:$Z,MATCH($Z31,$Z:$Z,0)-2,8,1,1),FALSE)),\"\",(VLOOKUP($F13,#REF!,8+OFFSET($Z:$Z,MATCH($Z31,$Z:$Z,0)-2,8,1,1),FALSE)))","v":""},"",null,"RECU",300]
[null,null,null,null,null,null,null,null,null,null,null,null,{"$f":"IF(ISERROR(VLOOKUP($F14,#REF!,8+OFFSET($Z:$Z,MATCH($Z32,$Z:$Z,0)-2,8,1,1),FALSE)),\"\",(VLOOKUP($F14,#REF!,8+OFFSET($Z:$Z,MATCH($Z32,$Z:$Z,0)-2,8,1,1),FALSE)))","v":""},""]
[null,null,null,null,null,null,null,null,null,null,null,null,{"$f":"IF(ISERROR(VLOOKUP($F15,#REF!,8+OFFSET($Z:$Z,MATCH($Z33,$Z:$Z,0)-2,8,1,1),FALSE)),\"\",(VLOOKUP($F15,#REF!,8+OFFSET($Z:$Z,MATCH($Z33,$Z:$Z,0)-2,8,1,1),FALSE)))","v":""},"",null,"REDUE MONNAIE",{"$f":"Q13-Q11","v":30}]
[null,null,null,null,null,null,null,null,null,null,null,null,{"$f":"IF(ISERROR(VLOOKUP($F16,#REF!,8+OFFSET($Z:$Z,MATCH($Z34,$Z:$Z,0)-2,8,1,1),FALSE)),\"\",(VLOOKUP($F16,#REF!,8+OFFSET($Z:$Z,MATCH($Z34,$Z:$Z,0)-2,8,1,1),FALSE)))","v":""},""]
[null,null,null,null,null,null,null,null,null,null,null,null,{"$f":"IF(ISERROR(VLOOKUP($F17,#REF!,8+OFFSET($Z:$Z,MATCH($Z35,$Z:$Z,0)-2,8,1,1),FALSE)),\"\",(VLOOKUP($F17,#REF!,8+OFFSET($Z:$Z,MATCH($Z35,$Z:$Z,0)-2,8,1,1),FALSE)))","v":""},""]
[null,null,null,null,null,null,null,null,null,null,null,null,{"$f":"IF(ISERROR(VLOOKUP($F18,#REF!,8+OFFSET($Z:$Z,MATCH($Z36,$Z:$Z,0)-2,8,1,1),FALSE)),\"\",(VLOOKUP($F18,#REF!,8+OFFSET($Z:$Z,MATCH($Z36,$Z:$Z,0)-2,8,1,1),FALSE)))","v":""},""]
[null,null,null,null,null,null,null,null,null,null,null,null,{"$f":"IF(ISERROR(VLOOKUP($F19,#REF!,8+OFFSET($Z:$Z,MATCH($Z37,$Z:$Z,0)-2,8,1,1),FALSE)),\"\",(VLOOKUP($F19,#REF!,8+OFFSET($Z:$Z,MATCH($Z37,$Z:$Z,0)-2,8,1,1),FALSE)))","v":""},""]
[]
["N° Ordre","Mois","Date","Report  Fiche","N° Fiche","Client","Réf. Art.","N° Art.","Code Article","Désignation Article","Unité","Quantité","Tarif Unité HT","Montant HT  Brut","Remise %","Remise Montant","Montant HT Net","Taux TVA","Montant TVA ","Montant TTC","Timbre ","Montant TTC+Timbre","Total Net recherché","Montant HT ","Remise TTC","Indice"]
["P",{"$f":"B3","v":4},{"$f":"D3","v":"2019-04-23"},null,{"$f":"D5","v":"03-002"},{"$f":"+F3","v":"AZERTY"},null,null,{"$f":"I3","v":2},{"$f":"J3","v":"Tarif CONVENTION"},null,{"$f":"L4","v":"Quant. "},null,{"$f":"SUM(N23:N48)","v":279.60000000000002},{"$f":"T9","v":3.433476394849793E-2},{"$f":"N22*O22","v":9.6000000000000227},{"$f":"IF($N22=\"\",\"\",$N22-$P22)","v":270},0.19,{"$f":"IFERROR(Q22*R22,\"\")","v":51.3},{"$f":"IFERROR(Q22+S22,\"\")","v":321.3},null,{"$f":"IFERROR(T22+U22,\"\")","v":321.3},{"$f":"Q11","v":270},{"$f":"SAI_24[[#This Row],[Montant HT Net]]","v":270},{"$f":"Q9","v":9.6000000000000227}]
[null,{"$f":"B22","v":4},null,null,null,null,null,1,{"$f":"F5","v":"PP"},{"$f":"I5","v":"Traçage sur papier"},"ML",12,{"$f":"+M5","v":2.7},{"$f":"IFERROR(L23*M23,\"\")","v":32.400000000000006},{"$f":"IF(E23<>\"\",\"\",IF(O22=\"\",O22,O22))","v":3.433476394849793E-2}]
[null,{"$f":"B23","v":4},null,null,null,null,null,{"$f":"H23+1","v":2},"PC",{"$f":"I6","v":"Traçage sur calque"},"ML",18,{"$f":"+M6","v":4.4000000000000004},{"$f":"IFERROR(L24*M24,\"\")","v":79.2},{"$f":"IF(E24<>\"\",\"\",IF(O23=\"\",O23,O23))","v":3.433476394849793E-2}]
[null,4,null,null,null,null,null,{"$f":"H24+1","v":3},"I3","Impression A3","U",24,1,24,{"$f":"IF(E25<>\"\",\"\",IF(O24=\"\",O24,O24))","v":3.433476394849793E-2}]
[null,4,null,null,null,null,null,4,"N4","Numérisation A4","U",36,0.5,18,{"$f":"IF(E26<>\"\",\"\",IF(O25=\"\",O25,O25))","v":3.433476394849793E-2}]
[null,4,null,null,null,null,null,5,"C8","Copie A4 RV","U",54,1,54,3.433476394849793E-2]
[null,4,null,null,null,null,null,6,"TP","Tirage papier","ML",18,2,36]
[null,4,null,null,null,null,null,7,"C4","Copie A4 R","U",72,0.5,36]
[]
[null,null,null,null,null,null,null,null,null,null,null,null,null,null,null,null,""]
[null,null,null,null,null,null,null,null,null,null,null,null,null,null,null,null,""]
[null,null,null,null,null,null,null,null,null,null,null,null,null,null,null,null,""]
[null,null,null,null,null,null,null,null,null,null,null,null,null,null,null,null,""]
[null,null,null,null,null,null,null,null,null,null,null,null,null,null,null,null,""]
[null,null,null,null,null,null,null,null,null,null,null,null,null,null,null,null,""]
[null,null,null,null,null,null,null,null,null,null,null,null,null,null,null,null,""]
[null,null,null,null,null,null,null,null,null,null,null,null,null,null,null,null,""]
[null,null,null,null,null,null,null,null,null,null,null,null,null,null,null,null,""]
[null,null,null,null,null,null,null,null,null,null,null,null,null,null,null,null,""]
[null,null,null,null,null,null,null,null,null,null,null,null,null,null,null,null,""]
[null,null,null,null,null,null,null,null,null,null,null,null,null,null,null,null,""]
[null,null,null,null,null,null,null,null,null,null,null,null,null,null,null,null,""]
[null,null,null,null,null,null,null,null,null,null,null,null,null,null,null,null,""]
[null,null,null,null,null,null,null,null,null,null,null,null,null,null,null,null,""]
[null,null,null,null,null,null,null,null,null,null,null,null,null,null,null,null,""]
[null,null,null,null,null,null,null,null,null,null,null,null,null,null,null,null,""]
[null,null,null,null,null,null,null,null,null,null,null,null,null,null,null,null,"",null,null,null,null,null,""]

{"sheet":"CTS","index":3,"n_rows":7,"n_cols":27,"rows_kept":7,"cut":false,"hidden":false,"merged":[]}
["<","REPORT",null,"COMPTOIR SAISIE"]
[]
[]
["N° Ordre","Mois","Date","Report  Fiche","N° Fiche","Client","Réf. Art.","N° Art.","Code Article","Désignation Article","Unité","Quantité","Tarif Unité HT","Montant HT  Brut","Remise %","Remise Montant","Montant HT Net","Taux TVA","Montant TVA ","Montant TTC","Timbre","Montant TTC+Timbre","Mode","Total Net recherché","Montant HT recherché","Remise","Indice"]
[null,{"$f":"IF(CTS[[#This Row],[Date]]<>\"\",MONTH(CTS[[#This Row],[Date]]),B4)","v":3},"2019-03-03",null,{"$f":"IF(C5=\"\",\"\",TEXT(B5,\"00\")&\"-\"&TEXT(COUNTIFS(B$5:B5,B5,C$5:C5,\">0\"),\"000\"))","v":"03-001"},"ABC",null,null,{"$f":"IFERROR(INDEX(#REF!,MATCH(#REF!,#REF!,0)),\"\")","v":""},{"$f":"IF(I5=1,\"Tarif COMPTOIR\",IF(OR(I5=2),\"Tarif CONVENTION\",IF(OR(I5=3),\"Tarif SPECIAL\",\"\")))","v":""},null,null,null,{"$f":"SUM(N6:N7)","v":300},{"$f":"IFERROR(P5/N5,0)","v":0},{"$f":"IF(X5>0,Z5,0)","v":0},{"$f":"N5-P5","v":300},{"$f":"R6","v":0},{"$f":"IFERROR(Q5*R5,\"\")","v":0},{"$f":"IFERROR(Q5+S5,\"\")","v":300},null,{"$f":"IFERROR(T5+U5,\"\")","v":300},"P",null,{"$f":"CTS[[#This Row],[Montant HT Net]]","v":300},{"$f":"N5-X5/1.19","v":300},{"$f":"A5","v":0}]
[null,{"$f":"IF(CTS[[#This Row],[Date]]<>\"\",MONTH(CTS[[#This Row],[Date]]),B5)","v":3},null,null,{"$f":"IF(C6=\"\",\"\",TEXT(B6,\"00\")&\"-\"&TEXT(COUNTIFS(B$5:B6,B6,C$5:C6,\">0\"),\"000\"))","v":""},null,null,{"$f":"H5+1","v":1},"C6","Copie A3 RV","U",50,2,{"$f":"IFERROR(L6*M6,\"\")","v":100},{"$f":"IF(E6<>\"\",\"\",IF(O5=\"\",O5,O5))","v":0},null,null,null,null,null,null,null,null,null,null,null,0]
[null,{"$f":"IF(CTS[[#This Row],[Date]]<>\"\",MONTH(CTS[[#This Row],[Date]]),B6)","v":3},null,null,{"$f":"IF(C7=\"\",\"\",TEXT(B7,\"00\")&\"-\"&TEXT(COUNTIFS(B$5:B7,B7,C$5:C7,\">0\"),\"000\"))","v":""},null,null,2,"C8","Copie A4 RV","U",200,1,{"$f":"IFERROR(L7*M7,\"\")","v":200},{"$f":"IF(E7<>\"\",\"\",IF(O6=\"\",O6,O6))","v":0},null,null,null,null,null,null,null,null,null,null,null,0]

{"sheet":"Problème","index":4,"n_rows":37,"n_cols":3,"rows_kept":37,"cut":false,"hidden":false,"merged":[]}
[null,null,"TRANSFERT de DONNEES de FEUILLE à FEUILLE"]
[]
[null,null,"Bonjour tout le Forum"]
[]
[null,null,"Je cherche à rédiger une macro mais je n'arrive pas à obtenir ce que j'attends."]
[null,null,"Je n'ai pas d'expérience avec les macros, et c'est pour cela que je vous sollicite."]
[null,null,"Dans la feuille SAI, j'ai en haut un dispositif de saisie de fiche de commande client."]
[null,null,"Dans la même feuille SAI, il y a un tableau en rose reprenant les données saisies plus haut."]
[null,null,"Mon problème est le suivant :"]
[null,null,"1- Copier les valeurs du tableau rose allant de A22 à Z48 et les coller en tant que valeurs "]
[null,null," dans la feuille CTS à la suite de la fiche déjà saisie."]
[null,null,"2- Effacer les cellules en bleu dans le dispositif de saisie de la feuille SAI"]
[null,null,"Cette opération effacera automatiquement les cellules en jaune et en rose puisqu'elle"]
[null,null,"sont attachées entre elles. Ce sont les cellules bleu qui alimentent les jaunes et les roses."]
[]
[null,null,"3- Une fois la feuiile vidés, il suffit de saisir,la date et le n° de la nouvelle fiche, d'afficher"]
[null,null,"les codes des articles vendus (F5:F19). Les cellules I9:I19 et M9:M19 se remplisent seules."]
[null,null,"Saisir les quantités vendues pour chaque article en colonne L5:L19, ce qui remplira du coup"]
[null,null,"les cellules N5:N19."]
[null,null,"4- Arrondir éventuellement les montant à payer en Q11, ce qui donne le montant de la "]
[null,null," en Q9."]
[null,null,"5- Rendre la monnaie s'il y a lieu (Différence entre montant remis et montant dù."]
[null,null,"   * Toutes ces saisies ont été reprises automatiquement plus bas dans le tableau rose."]
[]
[null,null,"Il ne reste plus qu'à cliquer sur le boutan \"REPORT\" pour que la macro s'exécute et nous"]
[null,null,"donne en principe :"]
[null,null,"6- Feuiile CTS : Tableau rose copié avec ses valeurs dans la feuille CTS à la suite de la fiche"]
[null,null," déjà reportée"]
[null,null,"7- Feuiile SAI : Dipositif de saisie vidé mais avec conservation des formules et des liens "]
[null,null,"existants dans les cellules jaunes"]
[]
[null,null,"Mon problème, est que je n'arrive pas à obtenir tous ça !"]
[]
[null,null,"J'ai créé une copie de la feuille SAI pour pouvoir faire de nouveaux tests éventuellement"]
[null,null,"quand l'original SAI sera effacé."]
[]
[null,null,"MERCI d'AVANCE pour votre précieuse collaboration"]